Basic grammar in use : (Record no. 631)

MARC details
000 -LEADER
fixed length control field 00903nam a22002417a 4500
005 - DATE AND TIME OF LATEST TRANSACTION
control field 20250420134819.0
008 - FIXED-LENGTH DATA ELEMENTS--GENERAL INFORMATION
fixed length control field 200816b ||||| |||| 00| 0 eng d
020 ## - INTERNATIONAL STANDARD BOOK NUMBER
International Standard Book Number 9781316646731
040 ## - CATALOGING SOURCE
Transcribing agency KCST
082 ## - DEWEY DECIMAL CLASSIFICATION NUMBER
Classification number 428.24
Item number Mu Ba
100 ## - MAIN ENTRY--PERSONAL NAME
Personal name Murphy, Raymond
9 (RLIN) 4737
245 ## - TITLE STATEMENT
Title Basic grammar in use :
Remainder of title self-study reference and practice for students of American English. With answers and ebook /
Statement of responsibility, etc. Raymond Murphy; William R Smalzer; Joseph Chapple
250 ## - EDITION STATEMENT
Edition statement 4th edition
260 ## - PUBLICATION, DISTRIBUTION, ETC.
Place of publication, distribution, etc. Cambridge :
Name of publisher, distributor, etc. Cambridge University Press,
Date of publication, distribution, etc. 2017.
300 ## - PHYSICAL DESCRIPTION
Extent 306 p.
650 ## - SUBJECT ADDED ENTRY--TOPICAL TERM
Topical term or geographic name entry element English language
Form subdivision Textbooks for foreign speakers.
9 (RLIN) 4734
650 ## - SUBJECT ADDED ENTRY--TOPICAL TERM
Topical term or geographic name entry element English language
Form subdivision Grammar
-- Problems, exercises, etc.
9 (RLIN) 5132
650 ## - SUBJECT ADDED ENTRY--TOPICAL TERM
Topical term or geographic name entry element English language
Form subdivision United States
-- Problems, exercises, etc.
9 (RLIN) 5133
700 ## - ADDED ENTRY--PERSONAL NAME
Personal name Smalzer, William R
9 (RLIN) 4931
700 ## - ADDED ENTRY--PERSONAL NAME
Personal name Chapple, Joseph
9 (RLIN) 5134
942 ## - ADDED ENTRY ELEMENTS (KOHA)
Koha item type Book
942 ## - ADDED ENTRY ELEMENTS (KOHA)
Source of classification or shelving scheme Dewey Decimal Classification
Holdings
Withdrawn status Lost status Source of classification or shelving scheme Damaged status Not for loan Home library Current library Date acquired Cost, normal purchase price Total checkouts Full call number Barcode Date last seen Date last checked out Price effective from Koha item type
    Dewey Decimal Classification     KCST Library KCST Library 16/08/2020 9.41 1 428.24 Mu Ba 1000000630 03/08/2023 26/06/2023 16/08/2020 Book
© 2025 KCST. All rights reserved